00431nam a2200169Ia 4500008004100000020001800041245002900059245005800088260001500146260001600161260000900177300001400186300002500200300001000225440001800235500000800253170705s9999 xx 000 0 und d a9780590528351 2aA boy who named Boomer / cby Boomer Esiason ; illustrated by Jacqueline Rogers. aNew York : bScholastic, c1995 aunpaged : bcolor illustration ; c23cm. aHello reader! a430